000 00772cam a22002291 4500
001 med48000104
003 DLC
005 20260227111609.0
008 830401m19479999njuab 000 0 eng
010 _amed48000104
035 _a(OCoLC)29152778
040 _aDLC
_cMnU-B
_dDLC
043 _an-us-nj
050 0 0 _aRA981.N5
_bA512
110 1 _aNew Jersey.
_bBureau of Social Research
245 1 0 _aReport of New Jersey survey of hospital and health center facilities under Federal hospital survey and construction act.
260 _aTrenton,
_bState of New Jersey, Dept. of Institutions and Agencies
_c[1947-]
300 _av.
_bmaps, diagrs.
_c28 cm.
650 0 _aHospitals
_zNew Jersey.
650 0 _aPublic health
_zNew Jersey.
700 1 _aFrankel, Emil,
_d1886--
999 _c38849
_d38849